<?xml version="1.0" encoding="UTF-8"?>
<record
    xmlns:xsi="http://www.w3.org/2001/XMLSchema-instance"
    xsi:schemaLocation="http://www.loc.gov/MARC21/slim http://www.loc.gov/standards/marcxml/schema/MARC21slim.xsd"
    xmlns="http://www.loc.gov/MARC21/slim">

  <leader>00436nam a2200157Ia 4500</leader>
  <controlfield tag="008">230718s9999    xx            000 0 und d</controlfield>
  <datafield tag="041" ind1=" " ind2=" ">
    <subfield code="a">eng</subfield>
  </datafield>
  <datafield tag="082" ind1=" " ind2=" ">
    <subfield code="a">3301'5193</subfield>
    <subfield code="b">WEB</subfield>
  </datafield>
  <datafield tag="100" ind1=" " ind2=" ">
    <subfield code="a">Webster T.J.</subfield>
  </datafield>
  <datafield tag="245" ind1=" " ind2=" ">
    <subfield code="a">Introduction To Game Theory In Business And Economics</subfield>
  </datafield>
  <datafield tag="260" ind1=" " ind2=" ">
    <subfield code="c">2009</subfield>
    <subfield code="b">Segment Books</subfield>
  </datafield>
  <datafield tag="300" ind1=" " ind2=" ">
    <subfield code="a">412</subfield>
  </datafield>
  <datafield tag="365" ind1=" " ind2=" ">
    <subfield code="c">Rs.</subfield>
    <subfield code="b">475.00</subfield>
  </datafield>
  <datafield tag="700" ind1=" " ind2=" ">
    <subfield code="a">Webster T.J.</subfield>
  </datafield>
  <datafield tag="906" ind1=" " ind2=" ">
    <subfield code="d">O:0048927-Jan-2010B:184607-Oct-2009</subfield>
    <subfield code="c">GENRL</subfield>
    <subfield code="b">95</subfield>
  </datafield>
  <datafield tag="999" ind1=" " ind2=" ">
    <subfield code="c">323556</subfield>
    <subfield code="d">323556</subfield>
  </datafield>
  <datafield tag="952" ind1=" " ind2=" ">
    <subfield code="0">0</subfield>
    <subfield code="1">0</subfield>
    <subfield code="4">0</subfield>
    <subfield code="7">0</subfield>
    <subfield code="a">CCEP</subfield>
    <subfield code="b">CCEP</subfield>
    <subfield code="d">2010-01-27</subfield>
    <subfield code="e">Tbs</subfield>
    <subfield code="f">GENRL</subfield>
    <subfield code="g">380.00</subfield>
    <subfield code="i">1846</subfield>
    <subfield code="l">0</subfield>
    <subfield code="o">3301'5193</subfield>
    <subfield code="p">CCEP-BK-34763</subfield>
    <subfield code="r">2023-07-18 00:00:00</subfield>
    <subfield code="t">95</subfield>
    <subfield code="v">475.00</subfield>
    <subfield code="w">2009-10-07</subfield>
    <subfield code="y">BK</subfield>
    <subfield code="z">034763</subfield>
  </datafield>
</record>
